00489nam a22001697a 4500003000400000005001700004008004100021020001800062040002900080050001700109100002200126245009000148260004200238300001000280650001500290650001400305OSt20251013115730.0250929b |||||||| |||| 00| 0 eng d a9780679785897 cChuka University Library aPS 3570 .T46 aThomson Hunter S. aFear and Loathing in Laas Vegas - A savage journey to the heart of the american dream aNew York bSecond Vintage Booksc1998 a204p. aDrug Abuse aLas Vegas